| 000 | 00506nam a2200181Ia 4500 | ||
|---|---|---|---|
| 003 | OSt | ||
| 005 | 20230606203657.0 | ||
| 008 | 210423s2008 xx 000 0 und d | ||
| 040 | _cAL | ||
| 041 | _aeng | ||
| 082 |
_a362.30 _223 _bMUKT |
||
| 100 |
_aMUKHOPADHYAY (A). _9120388 |
||
| 245 | _aTobacco control and the training of health care providers. | ||
| 260 |
_aNew Delhi _bVHAI _c2008 |
||
| 365 |
_b150 _cINR |
||
| 906 | _acare ; control ; health ; providers. ; Tobacco ; training | ||
| 942 |
_2ddc _cBK |
||
| 999 |
_c175944 _d175944 |
||